[Event "Portoroz op"]
[Site "Portoroz"]
[Date "1995.??.??"]
[Round "?"]
[White "Sitnik, Igor"]
[Black "Belamaric, Goran"]
[Result "1-0"]
[WhiteElo "2165"]
[BlackElo "2160"]

1.d4 Nf6 2.c4 Nc6 3.Nf3 d6 4.Nc3 e5 5.d5 Ne7 6.e4 Ng6 7.g3 Be7 8.h4 Bg4 9.Be2 Qd7
10.Be3 h6 11.Nd2 Bxe2 12.Qxe2 h5 13.O-O-O a6 14.Kb1 Ng4 15.Nf1 f5 16.f3 Nxe3
17.Nxe3 f4 18.Nf5 O-O-O 19.Qf2 Kb8 20.Ne2 Bf6 21.gxf4 exf4 22.Rc1 Qe8 23.Ned4 Ne5
24.Ne6 Nd3 25.Qd2 Nxc1 26.Rxc1 g6 27.Nfd4 Rd7 28.c5 dxc5 29.Nxc5 Rd6 30.Nde6 Rb6
31.b3 Be5 32.Qa5 Rh7 33.Nd3 Bd6 34.e5 Rb5 35.Qc3 Ba3 36.Nxc7 Qd8 37.d6 Bxc1
38.Nxb5 Be3 39.Nd4 Qc8 40.Qb4 Ka8 41.Nc5 b6 42.Nd3 Ka7 43.Nc2 Qf5 44.Qc4 g5
45.Ncb4 b5 46.Qd5 g4 47.Nc6+ Kb6 48.a4 bxa4 49.bxa4 Bd2 50.a5+ Bxa5 51.Qc5+ Kb7
52.Nxa5+ Kb8 53.Nc6+ Ka8 54.Qd5 Rb7+ 55.Kc2 g3 56.Na5 Qc8+ 57.Nc5 g2 58.d7  1-0

[Event "Rishon Le Ziyyon YM"]
[Site "Rishon Le Ziyyon"]
[Date "1995.??.??"]
[Round "2"]
[White "Bykhovsky, Avigdor"]
[Black "Kogan, Artur"]
[Result "0-1"]
[WhiteElo "2455"]
[BlackElo "2465"]

1.d4 Nf6 2.c4 Nc6 3.Nf3 e6 4.a3 d5 5.Nc3 a6 6.cxd5 exd5 7.Bg5 Be7 8.e3 h6
9.Bh4 O-O 10.Bd3 Re8 11.O-O Bg4 12.h3 Be6 13.Bc2 Nd7 14.Bg3 Nf8 15.e4 dxe4
16.Bxe4 Na5 17.b4 f5 18.Bd3 Nb3 19.d5 Nxa1 20.dxe6 Bf6 21.e7 Rxe7 22.Bc4+ Kh8
23.Qxa1 b5 24.Ba2 Qd3 25.Rc1 g5 26.Qb2 f4 27.Qb3 Nd7 28.Nd5 Qxb3 29.Bxb3 Re2
30.Bxf4 gxf4 31.Rxc7 Rd8 32.Nxf4 Rb2 33.Ne6 Re8 34.Bd5 Ne5 35.Nfd4 Nd3 36.f4 Nxf4
37.Nxf4 Bxd4+ 38.Kh1 Re1+ 39.Kh2 Be5 40.Rf7 Rd2 41.Rf8+ Kg7 42.Rf7+ Kg8 43.Bb3 Re3
44.Re7+ Rxb3 45.Rxe5 Rxa3 46.Re6 Rf2 47.Nh5 Raa2 48.Rg6+ Kf7 49.Rg7+ Ke6
50.Rg4 Ke5  0-1

[Event "San Francisco op"]
[Site "San Francisco"]
[Date "1995.??.??"]
[Round "?"]
[White "Lobo, Richard"]
[Black "Silman, Jeremy D"]
[Result "1-0"]
[WhiteElo "2290"]
[BlackElo "2420"]

1.d4 Nf6 2.c4 Nc6 3.Nf3 e6 4.Nc3 Bb4 5.Qc2 d6 6.a3 Bxc3+ 7.Qxc3 O-O 8.e3 Re8
9.b4 e5 10.Bb2 Ne4 11.Qc2 exd4 12.Bd3 Bf5 13.b5 Nb8 14.Nxd4 Bg6 15.O-O Nd7
16.f3 Nec5 17.Bxg6 hxg6 18.e4 Qe7 19.Rfd1 f6 20.Rac1 Qf7 21.Ne2 g5 22.Ng3 a6
23.a4 axb5 24.axb5 Ra2 25.Qb1 Rea8 26.Bd4 Ne6 27.Be3 b6 28.Nf5 Ne5 29.Rc2 R2a4
30.Rdc1 Nc5 31.Bxc5 dxc5 32.Qb3 Ra3 33.Qb1 g4 34.f4 Nd3 35.Rf1 Nxf4 36.Qd1 Ne6
37.Qxg4 Kf8 38.e5 Ra1 39.Rf2 Rxf1+ 40.Rxf1 fxe5 41.Nh4 Nf4 42.g3 Qxc4 43.gxf4 Qd4+
44.Kh1 Qe4+ 45.Ng2 Qd3 46.Rd1 Qxb5 47.fxe5 Qa4 48.Rf1+ Kg8 49.Qe6+ Kh8 50.h3 Re8
51.Qg6 Qa8 52.Rf4 Re7 53.e6 Kg8 54.Rh4  1-0

[Event "Chigorin mem"]
[Site "St Petersburg"]
[Date "1995.??.??"]
[Round "7"]
[White "Zitin, Yuri"]
[Black "Vlassov, Nikolai"]
[Result "0-1"]
[WhiteElo "2315"]
[BlackElo "2445"]

1.d4 Nf6 2.c4 Nc6 3.Nc3 e5 4.d5 Ne7 5.e4 Ng6 6.a3 Bc5 7.Be3 Bxe3 8.fxe3 d6
9.Be2 c6 10.h4 h5 11.Nf3 Ng4 12.Qd2 Qb6 13.dxc6 Nxe3 14.g3 Ng2+ 15.Kf1 Ne3+
16.Ke1 O-O 17.cxb7 Bxb7 18.Na4 Qb3 19.Qc3 Nc2+  0-1

[Event "Toronto op"]
[Site "Toronto"]
[Date "1995.??.??"]
[Round "4"]
[White "Gonzalez, C."]
[Black "Bekefi, Laszlo"]
[Result "0-1"]
[WhiteElo "2015"]
[BlackElo "2300"]

1.d4 Nf6 2.c4 Nc6 3.Nc3 e5 4.d5 Ne7 5.e4 Ng6 6.Nf3 Bc5 7.Be2 d6 8.O-O O-O
9.a3 a5 10.Bg5 h6 11.Bd2 Bd7 12.Rc1 a4 13.Qc2 Nh7 14.Be3 b6 15.Bxc5 bxc5
16.Rfe1 Ng5 17.Qd2 Nf4 18.Bd1 Qf6 19.Qe3 Rfb8 20.Rb1 Rb6 21.Nxg5 hxg5 22.g3 Nh3+
23.Kg2 g4 24.Rf1 Rab8 25.Qd2 Ng5 26.f3 gxf3+ 27.Kh1 Bh3 28.Rf2 Bg2+ 29.Rxg2 fxg2+
30.Kxg2 Qg6 31.Qe2 f5 32.Nxa4 f4 33.Qd3 f3+ 34.Kf1 Qxe4 35.Bc2 Qxd3+ 36.Bxd3 Rb3
37.Bg6 e4 38.h4 Rxa3 39.hxg5 Rxa4 40.Bxe4 Rxc4 41.Bxf3 Rc2 42.Be4 Rcxb2 43.Re1 c4
44.Kg1 c3 45.Rc1 Ra8 46.g6 Raa2 47.Re1 Re2  0-1

[Event "Toscolano op"]
[Site "Toscolano"]
[Date "1995.??.??"]
[Round "?"]
[White "Rossi, Giampiero"]
[Black "Di Lazzaro, Gabriele"]
[Result "0-1"]
[WhiteElo "2145"]
[BlackElo "2140"]

1.d4 Nf6 2.c4 Nc6 3.Nf3 e6 4.Nc3 Bb4 5.Qc2 d6 6.e3 O-O 7.Be2 e5 8.O-O Bxc3
9.Qxc3 Bg4 10.h3 Bh5 11.dxe5 dxe5 12.b3 Qe7 13.Bb2 Rfe8 14.Rad1 Rad8 15.Rfe1 Ne4
16.Qc1 Ng5 17.Nxg5 Qxg5 18.Bc3 Rxd1 19.Bxd1 Rd8 20.Bxh5 Qxh5 21.Qc2 Qg6 22.Qxg6 hxg6
23.Kf1 Rd3 24.Rc1 f6 25.Ke2 Rd7 26.Rd1 Rxd1 27.Kxd1 Kf7 28.Ke2 Ke6 29.Kd3 g5
30.f3 Ne7 31.Be1 Nf5 32.Bf2 Ne7 33.e4 Nc6 34.a3 a6 35.Kc3 Ne7 36.Kd3 Ng6
37.Bg3 Nh4 38.Bxh4 gxh4 39.b4 Kd6 40.c5+ Kc6 41.Kc4 b5+ 42.Kd3 Kd7 43.Ke3 Ke6
44.Kd3 Kf7 45.Ke3 c6 46.Kd3 Kg6 47.Ke2 Kg5 48.Ke3 g6 49.Ke2 Kf4 50.Kf2 f5
51.exf5 gxf5 52.Ke2 Kg3 53.Kf1 e4 54.fxe4 fxe4 55.Kg1 e3 56.Kf1 Kf4 57.Ke1 Ke5  0-1

[Event "AUT-chT9596"]
[Site "Vorarlberg"]
[Date "1995.??.??"]
[Round "3"]
[White "Foerch, August"]
[Black "Lenninger, Ralf"]
[Result "1-0"]
[WhiteElo "1900"]
[BlackElo "2050"]

1.d4 Nf6 2.c4 Nc6 3.Nc3 d6 4.e4 e5 5.d5 Nb8 6.Bd3 Be7 7.Nge2 Nbd7 8.O-O c6
9.Ng3 Nc5 10.Bc2 a5 11.Be3 Ng4 12.Bxc5 dxc5 13.dxc6 bxc6 14.Ba4 O-O 15.Qxd8 Rxd8
16.Bxc6 Rb8 17.Nd5 Kf8 18.b3 Bg5 19.Rad1 g6 20.Rd3 Rd6 21.Ba4 f5 22.Rfd1 f4
23.Ne2 Nf6 24.Nxf6 Rxf6 25.Rd8+ Kg7 26.R8d5 f3 27.gxf3 Rxf3 28.Rxe5 Bg4 29.Bd7 Bh5
30.Rxc5 Kh6 31.Rdd5 Bh4 32.Ng3 Bxg3 33.hxg3 Rbf8 34.Rd2 g5 35.g4 Bg6 36.Bf5  1-0

[Event "Budapest FS06 GM"]
[Site "Budapest"]
[Date "1996.??.??"]
[Round "9"]
[White "Kaabi, Mejdi"]
[Black "Appleberry, Martin"]
[Result "1/2-1/2"]
[WhiteElo "2395"]
[BlackElo "2265"]

1.d4 Nf6 2.c4 Nc6 3.Nf3 e6 4.Nc3 Bb4 5.Bg5 h6 6.Bh4 g5 7.Bg3 Ne4 8.Qc2 Nxg3
9.hxg3 g4 10.Nh2 Qg5 11.e3 d6 12.O-O-O Bxc3 13.Qxc3 e5 14.d5 Ne7 15.Be2 Bd7
16.Nf1 b6 17.Nd2 f5 18.Kb1 Ng6 19.f4 gxf3 20.gxf3 Ke7 21.f4 Qf6 22.Bh5 Rag8
23.Qa3 a5 24.c5 bxc5 25.Qxa5 Ra8 26.Qc3 exf4 27.Bxg6 Qxg6 28.exf4 Qf6 29.Rde1+ Kf7
30.Qxf6+ Kxf6 31.Nc4 Rae8 32.Kc2 Re4 33.Rxe4 fxe4 34.Ne3 Kg6 35.g4 Rf8 36.f5+ Kg7
37.b3 Bb5 38.a4 Ba6 39.Kc3 Rb8 40.Nc4 Bb7 41.Rd1 Kf6 42.a5 Ra8 43.Rh1 Kg7
44.Rh5 Ba6 45.Ne3 Bc8 46.g5 hxg5 47.Rxg5+ Kf7 48.Rg4 Rxa5 49.Rxe4 Ra7 50.Rf4 Bd7
51.Rh4 Kg7 52.Rh5 Be8 53.Rg5+ Kf6 54.Rg8 Ra8 55.Rh8 Kg7 56.Rh4 Bd7 57.Rg4+ Kf7
58.Rh4 Kg7 59.Rg4+ Kf7 60.Rh4 Kg7 61.Rg4+ Kf7 62.Rh4  1/2-1/2

[Event "Politiken Cup"]
[Site "Copenhagen"]
[Date "1996.??.??"]
[Round "11"]
[White "Guindy, Esmat"]
[Black "Nilsson, Lars Kjoller"]
[Result "1-0"]
[WhiteElo "2060"]
[BlackElo "2200"]

1.d4 Nf6 2.c4 Nc6 3.Nf3 e6 4.Nc3 Bb4 5.Qc2 O-O 6.e3 Bxc3+ 7.bxc3 d6 8.Bd3 e5
9.O-O h6 10.Nd2 Ne7 11.Ba3 Nd7 12.f4 exf4 13.Rxf4 Qe8 14.Raf1 Ng6 15.R4f3 Nf6
16.Bxg6 fxg6 17.c5 Bf5 18.Qb3+ Be6 19.c4 b5 20.Qxb5 c6 21.Qb1 d5 22.cxd5 Bxd5
23.e4 Bf7 24.d5 Rb8 25.Qe1 Qe5 26.Qa1 Qg5 27.Qd4 Rfd8 28.d6 Rb7 29.e5 Qg4
30.Rf4 Qe2 31.exf6 Bd5 32.R4f2 Qh5 33.fxg7 Rxg7 34.Bb2 Rh7 35.Qf6  1-0

[Event "Asia-ch"]
[Site "Dubai"]
[Date "1996.??.??"]
[Round "?"]
[White "Barsov, Alexei"]
[Black "Hamid, Mansour Kadi"]
[Result "1/2-1/2"]
[WhiteElo "2465"]
[BlackElo "2300"]

1.d4 Nf6 2.c4 Nc6 3.Nf3 e6 4.Nc3 Bb4 5.Bg5 h6 6.Bxf6 Qxf6 7.Rc1 O-O 8.e3 d6
9.Be2 e5 10.d5 Nb8 11.O-O Bxc3 12.Rxc3 Nd7 13.Nd2 a5 14.e4 Nc5 15.Bg4 Qg6
16.Bxc8 Raxc8 17.f3 f5 18.Re1 b6 19.b3 fxe4 20.Nxe4 Nxe4 21.Rxe4 Rf4 22.Rce3 Rcf8
23.Qe2 Qg5 24.g3 Rxe4 25.Rxe4 Qf5 26.Kg2 a4 27.b4 a3 28.Qe3 Ra8 29.Qb3  1/2-1/2

[Event "Frydek-Mistek op"]
[Site "Frydek-Mistek"]
[Date "1996.??.??"]
[Round "1"]
[White "Szymczak, Zbigniew"]
[Black "Berezjuk, Sergej"]
[Result "0-1"]
[WhiteElo "2330"]
[BlackElo "2425"]

1.d4 Nf6 2.c4 Nc6 3.Nc3 e5 4.d5 Ne7 5.g3 Ng6 6.h4 h5 7.Bg2 Be7 8.Nf3 d6 9.Ng5 Nf8
10.Qb3 N8d7 11.O-O O-O 12.Qc2 g6 13.Bd2 Nh7 14.Nce4 Ndf6 15.Nxh7 Kxh7 16.Ng5+ Kg7
17.e4 c6 18.Rac1 Bd7 19.dxc6 bxc6 20.Bc3 Ng4 21.Qd2 f6 22.Nh3 a5 23.f3 Qb6+
24.Nf2 Ne3 25.Rfe1 Nxc4 26.Qe2 d5 27.exd5 cxd5 28.b3 Ba3 29.f4 e4 30.Kh2 Bc5
31.Nd1 Bg4 32.Qd2 d4 33.Bxe4 dxc3 34.Nxc3 Rad8 35.Nd5 Be6 36.Qg2 Bxd5 37.Bxd5 Rfe8
38.f5 gxf5 39.Qf3 Qd6 40.Red1 Re3 41.Qg2 f4 42.Bf3 fxg3+ 43.Kh1 Qxd1+  0-1

[Event "Frydek-Mistek op"]
[Site "Frydek-Mistek"]
[Date "1996.??.??"]
[Round "8"]
[White "Kopjonkin, Gennady"]
[Black "Berezjuk, Sergej"]
[Result "1/2-1/2"]
[WhiteElo "2345"]
[BlackElo "2425"]

1.d4 Nf6 2.c4 Nc6 3.Nf3 e6 4.g3 Bb4+ 5.Bd2 Qe7 6.Bg2 Bxd2+ 7.Nbxd2 d6 8.O-O e5
9.d5 Nb8 10.e4 a5 11.Ne1 h5 12.h4  1/2-1/2

[Event "Eikrem mem"]
[Site "Gausdal"]
[Date "1996.??.??"]
[Round "8"]
[White "Wallace, John Paul"]
[Black "Hagesaether, Paal Vegard"]
[Result "1-0"]
[WhiteElo "2365"]
[BlackElo "2220"]

1.d4 Nf6 2.c4 Nc6 3.Nf3 e6 4.a3 d6 5.Nc3 e5 6.d5 Nb8 7.e4 a5 8.Be2 Na6 9.b4 Bd7
10.Rb1 Be7 11.O-O O-O 12.Qc2 c5 13.bxa5 Bc8 14.Na4 Qxa5 15.Bd2 Nb4 16.axb4 Qxa4
17.Qxa4 Rxa4 18.Bd1 Ra6 19.Bc2 b6 20.Rb2 Bd7 21.Rfb1 h6 22.g3 Kh7 23.Kg2 Rfa8
24.Nh4 g6 25.Nf3 Ra2 26.Ng1 Kg7 27.h3 Nh7 28.Ne2 Ng5 29.Ng1 Nh7 30.Bc3 Bd8
31.f4 f6 32.f5 gxf5 33.exf5 Bc7 34.Nf3 Ng5 35.Nd2 Bc8 36.g4 R8a3 37.Bb3 Rxb2
38.Bxb2 Ra7 39.Bc3 h5 40.Kg3 hxg4 41.hxg4 Ra3 42.Kf2 Bd7 43.Ke3 Ra8 44.Rh1 cxb4
45.Bxb4 b5 46.c5 dxc5 47.Bxc5 Ba5 48.Ne4 Nxe4 49.Kxe4 Bc3 50.Rc1 Bd2 51.Rc2 Be1
52.Bb6 Rb8 53.Be3 Rc8 54.Rxc8 Bxc8 55.d6 Bd7 56.Bb6 Kf8 57.Bd8 Bh4 58.Kd5 Bg5
59.Bc2 Ke8 60.Bb6 Kf7 61.Bf2 Bc1 62.Bb3 Bg5 63.Kc5+ Ke8 64.Kb6 e4 65.Kc7 Bd2
66.Bb6 b4 67.Bd5 e3 68.Bc6 b3 69.Bxd7+ Kf8 70.Bb5 b2 71.d7  1-0

[Event "GER-ch U20"]
[Site "Halle"]
[Date "1996.??.??"]
[Round "5"]
[White "Lauber, Arnd"]
[Black "Wilhelmi, Christian"]
[Result "1/2-1/2"]
[WhiteElo "2380"]
[BlackElo "2355"]

1.d4 Nf6 2.c4 Nc6 3.Nf3 e6 4.Nc3 Bb4 5.Bg5 d6 6.e3 e5 7.Be2 h6 8.Bxf6 Bxc3+
9.bxc3 Qxf6 10.O-O O-O 11.Nd2 Qe7 12.Bf3 Bd7 13.Qc2 Rae8 14.Rae1  1/2-1/2

[Event "Le Touquet op"]
[Site "Le Touquet"]
[Date "1996.??.??"]
[Round "?"]
[White "Lacrosse, Marc"]
[Black "Vlassov, Nikolai"]
[Result "0-1"]
[WhiteElo "2220"]
[BlackElo "2380"]

1.d4 Nf6 2.c4 Nc6 3.Nf3 e6 4.g3 Bb4+ 5.Bd2 a5 6.Bg2 d6 7.O-O e5 8.d5 Nb8
9.Qc2 O-O 10.Ne1 c6 11.e4 cxd5 12.cxd5 Na6 13.Nd3 Bxd2 14.Nxd2 Bd7 15.Rfc1 b5
16.b3 Qb6 17.Qb2 Ng4 18.h3 Nb4 19.Nxb4 Nxf2 20.Nc4 Nxh3+ 21.Kh2 bxc4 22.Nc6 Nf2
23.Rxc4 Ng4+ 24.Kh1 Qe3  0-1

[Event "Litomysl op"]
[Site "Litomysl"]
[Date "1996.??.??"]
[Round "5"]
[White "Likavsky, Tomas"]
[Black "Berezjuk, Sergej"]
[Result "1-0"]
[WhiteElo "2305"]
[BlackElo "2450"]

1.d4 Nf6 2.c4 Nc6 3.Nf3 e6 4.g3 Bb4+ 5.Nbd2 O-O 6.Bg2 Re8 7.O-O e5 8.d5 Nb8
9.e4 a5 10.Ne1 Na6 11.Nd3 Nc5 12.Nxb4 axb4 13.Qc2 d6 14.Nb3 c6 15.Nxc5 dxc5
16.b3 cxd5 17.exd5 e4 18.h3 Bf5 19.Kh2 Bg6 20.Qe2 Nd7 21.a3 Ne5 22.Be3 Qb6
23.a4 Re7 24.Bg5 f6 25.Bf4 Nd3 26.Qd2 Rae8 27.Ra2 h6 28.a5 Qa6 29.Be3 Qd6
30.Rfa1 Bf5 31.a6 g5 32.axb7 Rxb7 33.Ra6 Rb6 34.Rxb6 Qxb6 35.Qa2 Bc8 36.Qa7 Qd6
37.Ra5 Re7 38.Qa8 Rc7 39.Bxe4 Ne5 40.Bf5 Nd7 41.Kg1 Kg7 42.Bxd7 Bxd7 43.g4 h5
44.Qd8 hxg4 45.hxg4 Rc8 46.Bxc5 Rxd8 47.Bxd6 Bxg4 48.Ra7+ Kg6 49.Be7 Rd7
50.Rxd7 Bxd7 51.Kf1 Bf5 52.Ke2 Bc2 53.Bxb4 Bxb3 54.Kd3 f5 55.Kd4 f4 56.Bd2 Kf5
57.c5 g4 58.c6 Ba4 59.Kc5 f3 60.Be3 Ke4 61.Bd4 Kd3 62.Be5  1-0

[Event "Ljubljana op"]
[Site "Ljubljana"]
[Date "1996.??.??"]
[Round "4"]
[White "Soln, Primoz"]
[Black "Semrl, Marjan"]
[Result "1-0"]
[WhiteElo "2340"]
[BlackElo "2150"]

1.d4 Nf6 2.c4 Nc6 3.Nc3 e5 4.d5 Ne7 5.e4 Ng6 6.Be3 Bb4 7.f3 Bxc3+ 8.bxc3 d6
9.g3 Nd7 10.h4 h5 11.Nh3 b6 12.Nf2 Nc5 13.Be2 Bd7 14.Bg5 f6 15.Be3 Ba4 16.Qb1 Qe7
17.Bd1 Bd7 18.Kd2 O-O-O 19.Bc2 Qf7 20.a4 a5 21.Ra2 Qe7 22.Nd3 Be8 23.Rb2 Nf8
24.Nb4 g6 25.Ke2 Qg7 26.Kf2 axb4 27.cxb4 Nxa4 28.Bxa4 Bxa4 29.b5 Nd7 30.Qa2 f5
31.Qxa4 fxe4 32.Qa6+  1-0

[Event "Wch U16"]
[Site "Menorca"]
[Date "1996.??.??"]
[Round "4"]
[White "Martinez Martin, David"]
[Black "Berescu, Alin"]
[Result "0-1"]
[WhiteElo "2100"]
[BlackElo "2335"]

1.d4 Nf6 2.c4 Nc6 3.Nc3 e5 4.d5 Ne7 5.e4 Ng6 6.h4 h5 7.Bg5 Bc5 8.Be2 c6 9.Nh3 d6
10.Qd2 Bd4 11.f3 a5 12.O-O-O Qb6 13.Na4 Qa7 14.Kb1 Bd7 15.dxc6 bxc6 16.c5 dxc5
17.Rc1 Nf8 18.Bxf6 gxf6 19.f4 Rb8 20.f5 Rb4 21.Rc4 Bc8 22.Rhc1 Nd7 23.b3 Ba6
24.Rxb4 cxb4 25.Rxc6 Bb7 26.Qc2 Bxc6 27.Qxc6 Ke7 28.Bc4 Qa8  0-1

[Event "Minsk op"]
[Site "Minsk"]
[Date "1996.??.??"]
[Round "2"]
[White "Alexandrova, Olga"]
[Black "Berezjuk, Sergej"]
[Result "1/2-1/2"]
[WhiteElo "2210"]
[BlackElo "2425"]

1.d4 Nf6 2.c4 Nc6 3.Nc3 e5 4.d5 Ne7 5.e4 Ng6 6.Bd3 Bc5 7.Nf3 O-O 8.O-O d6
9.Na4 a5 10.Nxc5 dxc5 11.Bg5 h6 12.Be3 b6 13.b3 Nh5 14.Kh1 Qe7 15.Ng1 Nf6
16.f3 Ne8 17.Qd2 Nd6 18.a3 f5 19.exf5 Bxf5 20.Ne2 Bxd3 21.Qxd3 e4 22.fxe4 Ne5
23.Qc2 Ng4 24.Bg1 Nxe4 25.Nf4 Rf5 26.Qd3 Qe5 27.Nh3 Re8 28.Rxf5 Qxf5 29.Qf3 Qe5
30.Rf1 Ngf6 31.Qe3 Nh5 32.Rf3 g5 33.Nf2 Nf4 34.Qxe4 Qxe4 35.Nxe4 Rxe4 36.Re3 Rxe3
37.Bxe3 Nd3 38.a4 Kg7 39.Kg1 Kg6 40.g4 Kf6 41.Kg2 Ne5 42.h3 c6 43.dxc6 Nxc6
44.Kf3 Ke5 45.Bf2 Nd4+ 46.Ke3 Nc2+ 47.Kd3 Nb4+ 48.Ke3 Nc2+ 49.Kd2 Nd4 50.Kd3 Nxb3
51.Bg3+ Ke6 52.Bc7 b5 53.axb5 a4 54.Kc3 Nd4 55.Kb2 Nf3 56.Ka3 Nd2 57.Kxa4 Nxc4
58.Kb3 Kd5 59.Kc3 Na3 60.b6 Nb5+ 61.Kd2 Nd6 62.Kc3 Kc6 63.Bxd6  1/2-1/2

[Event "Minsk op"]
[Site "Minsk"]
[Date "1996.??.??"]
[Round "6"]
[White "Neverov, Valeriy"]
[Black "Berezjuk, Sergej"]
[Result "1/2-1/2"]
[WhiteElo "2515"]
[BlackElo "2425"]

1.d4 Nf6 2.c4 Nc6 3.Nf3 e6 4.a3 d6 5.Nc3 Be7 6.g3 O-O 7.Bg2 e5 8.O-O Bg4
9.d5 Nb8 10.Ne1 Qc8 11.f3 Bh3 12.e4 c6 13.Be3 Ne8 14.Nd3 Bxg2 15.Kxg2 f5
16.Rc1 Nd7 17.b4 c5 18.bxc5 dxc5 19.exf5 Nd6 20.Ne4 Nxf5 21.Bf2 b6 22.Re1 Rf7
23.a4 Qc7 24.g4 Nd4 25.Bxd4 exd4 26.f4 Raf8 27.Rf1 h6 28.Rc2  1/2-1/2

[Event "Montreal op"]
[Site "Montreal"]
[Date "1996.??.??"]
[Round "8"]
[White "Mikanovic, Goran"]
[Black "Teuton, L Frank"]
[Result "1-0"]
[WhiteElo "2275"]
[BlackElo "2245"]

1.d4 Nf6 2.c4 Nc6 3.Nf3 e6 4.Nc3 Bb4 5.Bg5 h6 6.Bh4 Bxc3+ 7.bxc3 d6 8.e3 O-O
9.Bd3 Qe7 10.Nd2 e5 11.O-O b6 12.Qf3 g5 13.Bxg5 hxg5 14.Qxc6 Rb8 15.Qa4 a5
16.Qc2 Kg7 17.Bf5 Ba6 18.Rfe1 Rh8 19.h3 Rbe8 20.f3 Rh4 21.Qb3 Bc8 22.Bxc8 Rxc8
23.Nf1 e4 24.Qb5 c5 25.Ng3 Qe6 26.fxe4 Nxe4 27.Nxe4 Qxe4 28.Qd7 g4 29.Re2 Re8
30.Rf1 Re7 31.Qxd6 gxh3 32.Qg3+ Rg4 33.Qxh3 Qg6 34.Rf3 f5 35.Ref2 f4 36.exf4 Kg8
37.f5 Qg5 38.f6 Re1+ 39.Rf1 Rxf1+ 40.Rxf1  1-0

[Event "Moscow GM3"]
[Site "Moscow"]
[Date "1996.??.??"]
[Round "?"]
[White "Mitenkov, Alexey"]
[Black "Vlassov, Nikolai"]
[Result "1-0"]
[WhiteElo "2445"]
[BlackElo "2380"]

1.d4 Nf6 2.c4 Nc6 3.Nf3 e6 4.a3 d5 5.Qc2 g6 6.Bg5 h6 7.Bxf6 Qxf6 8.e3 Bg7
9.Nc3 Qd8 10.cxd5 exd5 11.Bb5 Qd6 12.Na4 O-O 13.Bxc6 bxc6 14.O-O f5 15.Ne5 f4
16.Qxg6 Ba6 17.Rfc1 fxe3 18.fxe3 Rf6 19.Qg4 Raf8 20.Qd7 Rf2 21.Qxd6 cxd6
22.Nf3 Re2 23.Rxc6 Bc4 24.Rxd6 Rxe3 25.Nc3 Rb8 26.Nxd5 Bxd5 27.Rxd5 Rxb2
28.Rd8+ Kh7 29.Rd7 a5 30.Nh4 Rb5 31.Rf1 Rg5 32.Rf3 Re1+ 33.Kf2 Ra1 34.Re3 a4
35.Ra7 Rg4 36.g3 Ra2+ 37.Kf3 Rg5 38.h3 Rh2 39.Kf4 Rxh3 40.Nf5 Rhh5 41.g4 Rh1
42.Ree7 Rf1+ 43.Ke3 Re1+ 44.Kf3 Rxe7 45.Rxe7 h5 46.Rxg7+ Rxg7 47.Nxg7 hxg4+
48.Kxg4 Kxg7 49.Kg5  1-0

[Event "Moscow GM4"]
[Site "Moscow"]
[Date "1996.??.??"]
[Round "?"]
[White "Moskalenko, Viktor"]
[Black "Vlassov, Nikolai"]
[Result "1/2-1/2"]
[WhiteElo "2480"]
[BlackElo "2380"]

1.d4 Nf6 2.c4 Nc6 3.Nf3 e6 4.Nc3 Bb4 5.Qc2 d6 6.a3 Bxc3+ 7.Qxc3 Qe7 8.b4 e5
9.dxe5 Nxe5 10.Nxe5 dxe5 11.Bb2 Nd7 12.c5 f6 13.e3 Nf8 14.c6 Ne6 15.cxb7 Bxb7
16.Bb5+ Kf7 17.O-O c5 18.Bc4 cxb4 19.axb4 Rhc8 20.Qb3 Rc7 21.b5 Rac8 22.Ba3 Qe8
23.Rac1 Rd7 24.e4 Rb8 25.f3 h5 26.Rfd1 Rxd1+ 27.Rxd1 Bc8 28.Rd6 Rb6 29.Qd3 Kg6
30.Rxb6 axb6 31.Qd6 Nd4 32.Qxb6 Bd7 33.Bc5  1/2-1/2

[Event "RUS-Cup2"]
[Site "Moscow"]
[Date "1996.??.??"]
[Round "2"]
[White "Kostin, Mikhail Y"]
[Black "Vlassov, Nikolai"]
[Result "0-1"]
[WhiteElo "2185"]
[BlackElo "2395"]

1.d4 Nf6 2.c4 Nc6 3.Nc3 e5 4.d5 Ne7 5.g3 Ng6 6.h4 Bc5 7.h5 Ne7 8.h6 g6 9.Bg5 Ng4
10.e3 d6 11.Be2 f5 12.a3 O-O 13.Bxg4 fxg4 14.Ne4 Rf5 15.Qxg4 Rf4 16.Qe2 Rxe4
17.f3 Nf5 18.Bxd8 Rxe3 19.Bg5 Rxe2+ 20.Nxe2 Bd7 21.g4 Nd4 22.Nxd4 Bxd4 23.O-O-O b5
24.cxb5 Bxb5 25.Rhe1 Bf2 26.Re4 Rf8 27.Be3 Bg3 28.Rb4 a6 29.a4 Be2 30.Rd2 Bxf3
31.Rb7 Bxg4 32.Rxc7 Rf1+ 33.Kc2 Bf5+ 34.Kb3 Rf3 35.Rc3 Be1  0-1

[Event "RUS-Cup2"]
[Site "Moscow"]
[Date "1996.??.??"]
[Round "4"]
[White "Kiselev, Sergey"]
[Black "Vlassov, Nikolai"]
[Result "1-0"]
[WhiteElo "2545"]
[BlackElo "2395"]

1.d4 Nf6 2.c4 Nc6 3.Nf3 e6 4.g3 Bb4+ 5.Bd2 a5 6.Bg2 d6 7.O-O e5 8.Bg5 exd4
9.Nxd4 Ne5 10.a3 Bc5 11.Nc3 O-O 12.b3 Neg4 13.Ne4 Bb6 14.Rc1 h6 15.Bxf6 Nxf6
16.c5 dxc5 17.Nxc5 c6 18.e3 Qe7 19.b4 Rd8 20.Qb3 Nd7 21.Na4 Bxd4 22.exd4 axb4
23.axb4 Nf6 24.Nb6 Be6 25.d5 Ra6 26.dxe6 Rxb6 27.exf7+ Qxf7 28.Qc3 Nd5 29.Bxd5 Qxd5
30.Rfe1 Qd4 31.Re8+ Kf7 32.Rxd8 Qxd8 33.Qc4+ Qd5 34.Qf4+ Kg6 35.Re1 Rb5 36.h4 Qf7
37.Qd6+ Kh7 38.Re7 Qg6 39.Qd4 Rd5 40.Qc3 b5 41.Kg2 Rf5 42.Rc7 Rf6 43.Qe5 Rf7
44.Rxf7 Qxf7 45.Qe4+ Qg6 46.Kf3 h5 47.Kf4 c5 48.bxc5 b4 49.Qxg6+ Kxg6 50.c6 b3
51.c7 b2 52.c8=Q b1=Q 53.Qe6+ Kh7 54.Kg5 g6 55.f4 Kg7 56.f5 gxf5 57.Kxh5  1-0

[Event "Moscow Alekhine op"]
[Site "Moscow"]
[Date "1996.??.??"]
[Round "4"]
[White "Kiselev, Sergey"]
[Black "Bezman, Vadim"]
[Result "0-1"]
[WhiteElo "2525"]
[BlackElo "2365"]

1.d4 Nf6 2.c4 Nc6 3.Nf3 d6 4.Nc3 e5 5.d5 Ne7 6.g3 g6 7.Bg2 Bg7 8.O-O O-O
9.e4 h6 10.Ne1 Nd7 11.Nd3 f5 12.Bd2 Nf6 13.f3 g5 14.exf5 Nxf5 15.Nf2 Nd4
16.Rc1 Bf5 17.Be3 c5 18.dxc6 bxc6 19.f4 gxf4 20.gxf4 Rb8 21.b3 Qe8 22.Kh1 Nh5
23.fxe5 dxe5 24.Nfe4 Rd8 25.Qe1 Bg6 26.Rxf8+ Qxf8 27.Qf2 Nf4 28.Rf1 Rd7 29.Bxf4 Rf7
30.Qg3 Bh7 31.Be3 Rxf1+ 32.Bxf1 Qxf1+ 33.Bg1 Ne2 34.Qg2 Nxc3 35.Nxc3 Qd3
36.Qxc6 Qxc3 37.Qe6+ Kh8 38.Qc8+ Bg8 39.Kg2 Qc2+  0-1

[Event "Moscow-ch"]
[Site "Moscow"]
[Date "1996.??.??"]
[Round "5"]
[White "Dragomarezkij, Evgeni"]
[Black "Vlassov, Nikolai"]
[Result "0-1"]
[WhiteElo "2465"]
[BlackElo "2395"]

1.d4 Nf6 2.c4 Nc6 3.Nf3 e6 4.a3 d5 5.Nbd2 g5 6.Nxg5 Nxd4 7.e3 Nf5 8.Ngf3 Bg7
9.cxd5 exd5 10.Bd3 Qe7 11.Qc2 Nd6 12.b4 Nfe4 13.Bb2 Bxb2 14.Qxb2 Rg8 15.g3 Bh3
16.Qe5 Qxe5 17.Nxe5 Nxd2 18.Kxd2 f6 19.Bxh7 Rg7 20.Bg6+ Kf8 21.Nd3 Rxg6 22.Nf4 Rh6
23.Nxd5 Bg2 24.Nxc7 Bxh1 25.Nxa8 Rxh2  0-1

[Event "NOR-chJ"]
[Site "Oslo"]
[Date "1996.??.??"]
[Round "4"]
[White "Tjomsland, Stig"]
[Black "Hagesaether, Paal Vegard"]
[Result "0-1"]
[WhiteElo "2210"]
[BlackElo "2205"]

1.d4 Nf6 2.c4 Nc6 3.Nf3 e6 4.Nc3 Bb4 5.Bg5 h6 6.Bh4 g5 7.Bg3 Ne4 8.Qc2 Nxg3
9.hxg3 g4 10.d5 gxf3 11.dxc6 fxe2 12.Bxe2 bxc6 13.a3 Bf8 14.Rd1 Rb8 15.Ne4 Bg7
16.b4 O-O 17.g4 f5 18.gxf5 exf5 19.Ng3 d6 20.Nh5 Qe7 21.Kf1 c5 22.b5 Bb7
23.Bf3 Be4 24.Qc1 Qg5 25.Bxe4 fxe4 26.Qxg5 hxg5 27.Ng3 Rbe8 28.Rd5 e3 29.f3 Rf4
30.Ke2 Rxc4 31.Ne4 Rc2+ 32.Kxe3 Rxg2 33.Rd2 Rxd2 34.Kxd2 Re5 35.Rh5 Kf7 36.Kd3 Kg6
37.Rh1 Rd5+ 38.Ke3 c4 39.a4 Rd3+ 40.Ke2 Ra3 41.Rg1 Bh6 42.Nxg5 Bxg5 43.f4 Rxa4
44.Rxg5+ Kf6 45.Rh5 c3 46.Kd3 c2 47.Kxc2 Rxf4 48.Kc3 Ke7 49.Rh1 a6 50.Rh7+ Kd8
51.bxa6 Ra4 52.Rh8+ Kd7 53.Ra8 Kc6 54.Kb3 Ra1 55.Kb4 d5 56.Kb3 Kc5 57.a7 c6  0-1

[Event "Komercni Banka op"]
[Site "Pardubice"]
[Date "1996.??.??"]
[Round "6"]
[White "Pliester, Leon"]
[Black "Velicka, Petr"]
[Result "1-0"]
[WhiteElo "2350"]
[BlackElo "2430"]

1.d4 Nf6 2.c4 Nc6 3.Nf3 e6 4.Nc3 Bb4 5.e3 d5 6.a3 Be7 7.Bd3 O-O 8.O-O b6
9.cxd5 exd5 10.Qc2 Bb7 11.Ne5 Nb8 12.b4 c6 13.Bb2 Nbd7 14.Rad1 Rc8 15.Nxd7 Nxd7
16.Bxh7+ Kh8 17.Bd3 Re8 18.e4 dxe4 19.Nxe4 Kg8 20.Bc4 b5 21.Ba2 Nb6 22.Nc5 Qc7
23.Bb1 g6 24.Rfe1 Nd5 25.Nd3 Bf6 26.Ne5 Rcd8 27.Rc1 a5 28.bxa5 Qxa5 29.Qb3 Qc7
30.Qg3 Bg7 31.h4 Qd6 32.Qf3 Qf6 33.Qxf6 Bxf6 34.g3 Re6 35.f4 Red6 36.Kf2 Kg7
37.Ba2 Ra8 38.Bb3 Bd8 39.Re2 Bb6 40.Nd3 Bc8 41.Rxc6 Rxc6 42.Bxd5 Bb7 43.Bxc6 Bxc6
44.Nb4 Bd7 45.Kf3 Kf8 46.d5 Bc5 47.g4 f5 48.g5 Bxb4 49.axb4 Re8 50.Be5 Bc8
51.h5 Kg8 52.h6  1-0

[Event "EU-ch U16"]
[Site "Rimavska Sobota"]
[Date "1996.??.??"]
[Round "2"]
[White "Bekker Jensen, Simon"]
[Black "Berescu, Alin"]
[Result "0-1"]
[WhiteElo "2200"]
[BlackElo "2335"]

1.d4 Nf6 2.c4 Nc6 3.Nf3 e6 4.Nc3 Bb4 5.Bg5 h6 6.Bd2 Bxc3 7.Bxc3 Ne4 8.Qc2 Nxc3
9.Qxc3 O-O 10.e3 a5 11.Be2 d6 12.O-O Qe7 13.c5 e5 14.Bb5 Bd7 15.cxd6 cxd6
16.dxe5 Nxe5 17.Bxd7 Nxf3+ 18.gxf3 Qxd7 19.Rfd1 Qh3 20.Rxd6 Qxf3 21.Qe5 Rad8
22.Qd4 Rxd6 23.Qxd6 Rc8 24.Qd1 Qc6 25.Qd3 Qf6 26.Qd7 Qg6+ 27.Kf1 Qa6+ 28.Kg1 Rc6
29.Re1 Rg6+ 30.Kh1 Qf6 31.Qxb7 Qxf2 32.Rd1 Kh7 33.a3 Qxe3 34.Rf1 Qe2 35.Rg1 Rf6  0-1

[Event "SLO-chT sf"]
[Site "SLO"]
[Date "1996.??.??"]
[Round "6"]
[White "Krzisnik, Zvonko"]
[Black "Belamaric, V."]
[Result "1/2-1/2"]
[WhiteElo "2260"]
[BlackElo "2165"]

1.d4 Nf6 2.c4 Nc6 3.Nf3 d6 4.Nc3 e5 5.Bg5 exd4 6.Nxd4 Be7 7.g3 Bd7 8.Bg2 O-O
9.O-O h6 10.Bf4 Ne5 11.b3 c6 12.Nf3 Qa5 13.Qd2 Kh8 14.Rac1 Rfd8 15.Rfd1 Rac8
16.Ne4 Qxd2 17.Nfxd2 g5 18.Bxe5 dxe5 19.Nxf6 Bxf6 20.Ne4 Kg7 21.Nd6 Rc7 22.Be4 Kf8
23.Nf5 h5 24.Rd6 Be6 25.Rxd8+ Bxd8 26.Rd1 Be7 27.e3 Rd7 28.Rxd7 Bxd7 29.Kf1 Bf6
30.Ke2 b6 31.b4 Ke8 32.g4  1/2-1/2